A munkavállaló kártérítési felelőssége

Elmentve itt :
Bibliográfiai részletek
Szerző: Bordás Noémi
További közreműködők: Hajdú József (Témavezető)
Kőrösi Gábor (Témavezető)
Dokumentumtípus: Szakdolgozat
Megjelent: 2016
Tárgyszavak:
Law
Online Access:http://diploma.bibl.u-szeged.hu/137996
LEADER 00727nta a2200205 i 4500
001 dipl137996
005 20230920153032.0
008 230920s2016 hu om 0|| hun d
040 |a SZTE Diploma Repozitórium  |b hun 
041 |a hun 
100 1 |a Bordás Noémi 
245 1 2 |a A munkavállaló kártérítési felelőssége  |h [elektronikus dokumentum] /  |c Noémi Bordás 
246 1 0 |a Liability of the employee for damages  |h [elektronikus dokumentum] 
260 |c 2016 
650 4 |a Jogi és igazgatási tanulmányok 
650 4 |a Social sciences 
650 4 |a Law 
700 0 1 |a Hajdú József  |e ths 
700 0 1 |a Kőrösi Gábor  |e ths 
856 4 0 |u https://diploma.bibl.u-szeged.hu/id/eprint/137996/1/2016_bordas_noemi.pdf  |z Dokumentum-elérés